000 00708nam a2200229 a 4500
001 000004433
005 20200929151436.0
008 850422s1988 sp 000 1 spa
020 _a847730072X
040 _aDO-SdBNP
_bspa
_cBNPHU
041 1 7 _aspa
_heng
082 _a823.914
_bF692j
100 1 _aForbes, Bryan,
_d1926-
_913020
240 1 4 _aThe endless game.
_lEspañol
245 1 4 _aJuego interminable /
_cBryan Forbes; traducción de José Ferrer Aleu.
260 _aBarcelona :
_bVidorama,
_c1988.
300 _a374 p. ;
_c19 cm.
534 _aTítulo original:
_tThe endless game
650 4 _aNovela inglesa
_91071
650 4 _aLiteratura inglesa
_9498
700 1 _aFerrer Aleu, José,
_etr.
_913021
999 _c4242
_d4242